000 00564nam a2200193Ia 4500
005 20250508160619.0
008 008 250505s9999 xx 000 0 eng d
037 _aTextual
040 _aFEDL
_beng
_cFEDL
041 _aeng
_2eng
084 _a150.195, NAG
_qFEDL
100 _aNagera Humberto
_9768932
245 0 _aBasic psychoanalytic concepts on the libido theory
260 _aLondon, UK
_bGeorge Allen and Unwin Limited
_c1969
300 _a194p.
650 _aPsychology
942 _cTEXL
_h150.195, NAG
999 _c1365630
_d1365630